guess the kpop group by one member - Statistics

General Stats
  • This quiz has been taken 549 times
  • The average score is 9 of 15
Answer Stats
Member Group % Correct
Park Ji Min BTS
98%
Choi Beom Gyu TxT
94%
Kim Seung Min Stray Kids
93%
Park Chan Yeol EXO
83%
Jeong Yun Ho Ateez
78%
Lee Tae Yong NCT
74%
Kwon Soon Young SEVENTEEN
67%
Chae Hyung Won Monsta X
61%
Park Jin Young GOT7
59%
Kim Seon Woo Enhypen
53%
Hwang In Tak P1Harmony
53%
Kwon Ji Yong Big Bang
43%
Park Min Hyuk Astro
34%
Kim Donghyuk iKON
32%
Kim Jin Woo WINNER
21%
No matching quizzes found
Score Distribution
Percent of People with Each Score
Percentile by Number Answered
Your Score History
You have not taken this quiz